=LDR 00000nam 2200000 4500 =001 INLIS000000000028964 =005 20130612131231 =008 ***********************************Ind** =035 ##$$0010-061300000028964 =041 ##$$a Ind =082 ##$$a 420 =090 ##$$a 420, Rac t =100 ##$$a Effendi P, Rachmad =245 ##$$a To be an efective english teacher within two days = menjadi guru bahasa inggris yang efektif dalam dua hari =260 ##$$a 2005 $b Jakarta =300 ##$$a 91 hlm, ilus, 28 cm =650 ##$$a Bahasa Inggris =850 ##$$a NBPNMAT =990 ##$$a 0001/BPAP-NTB/20142015 =990 ##$$a 2090101342/BPAP-NTB/2015 =990 ##$$a 0001/BPAP-NTB/2015